01355nab a2200217 i 4500001000400000003000400004005001700008008003900025040000800064080001200072100012500084245016100209260001000370500002100380520035800401650001800759650002800777655003000805711013600835773016600971BPPBPK20160121090125.0160121s1983 pl | | |100 ||pol cBPK a796.012 aKRAWIEC, Stanisław.d1981 - 1991.bWyższa Szkoła Inżynierska w Koszalinie - Studium Wychowania Fizycznego i Sportu aSprawność fizyczna dziewcząt uczęszczających do klas sprofilowanych Zespołu Szkół Ogólnokształcących w Kołobrzegu /cStanisław Krawiec. c1983. aDane z autopsji. aBadaniem objęto dziewczęta uczęszczające do klas sprofilowanych Zespołu Szkół Ogólnokształcących w Kołobrzegu. Stwierdzono najwyższą sprawność fizyczną u dziewcząt w klasach o profilu matematyczno-fizycznym i o profilu podstawowym, natomiast najniższą w klasie humanistycznej i z rozszerzonym programem j. francuskiego. aDziewczęta. aSprawność fizyczna. 0aMateriały konferencyjne. aSeminarium : Przyrodnicze podstawy wychowania fizycznego i sportu w uczelniach technicznychn(4 ;d1981.11.27 ;cKoszalin, Polska). iW :tZeszyty Naukowe Wyższej Szkoły Inżynierskiej w Koszalinie. Prace Studiów Wychowania Fizycznego i Sportu Uczelni Technicznych. -g1983, nr 9, s. 69-85